000 00529 a2200193 4500
001 61845
005 20260407155910.0
008 260407a1970 arg spa d
003 AR-UNSa-BCEJYS
040 _aAR-UNSa-BCEJYS
_bspa
_cAR-UNSa-BCEJYS
080 _a347.440
_xTipos de contratos (Fideicomisos)
245 1 0 _aLey de fideicomisos
264 1 _aBuenos Aires :
_bCangallo
_c1970
300 _a118 p.
_c19 cm.
041 _aspa
942 _cBK
590 _aniveau_biblio:m niveau_hierar:0
100 1 _aMichelson, Guillermo
999 _c7435
_d7435